Welcome to WEB OPAC of MRSPTU Central Library

Corporate finance theory and practice (Record no. 5948)

MARC details
000 -LEADER
fixed length control field 00429nam a2200169Ia 4500
008 - FIXED-LENGTH DATA ELEMENTS--GENERAL INFORMATION
fixed length control field 230711s9999||||xx |||||||||||||| ||und||
020 ## - INTERNATIONAL STANDARD BOOK NUMBER
International Standard Book Number 978-81-265-1115-0
041 ## - LANGUAGE CODE
Language code of text/sound track or separate title ENG
082 ## - DEWEY DECIMAL CLASSIFICATION NUMBER
Classification number 658.15
Item number DA-C
100 ## - MAIN ENTRY--PERSONAL NAME
Personal name Damodaran,Aswath
245 #0 - TITLE STATEMENT
Title Corporate finance theory and practice
250 ## - EDITION STATEMENT
Edition statement 2nd Ed.
260 ## - PUBLICATION, DISTRIBUTION, ETC.
Date of publication, distribution, etc. 2014
Place of publication, distribution, etc. New Delhi
Name of publisher, distributor, etc. Wiley & Sons
300 ## - PHYSICAL DESCRIPTION
Extent 982p.
650 ## - SUBJECT ADDED ENTRY--TOPICAL TERM
Topical term or geographic name entry element UNIVESITY BUSNIESS SCHOOL
942 ## - ADDED ENTRY ELEMENTS (KOHA)
Koha item type Book
Holdings
Withdrawn status Lost status Damaged status Not for loan Collection Home library Current library Date acquired Cost, normal purchase price Inventory number Total checkouts Full call number Barcode Date last seen Price effective from Koha item type Date last checked out
          MRSPTU Central Library MRSPTU Central Library   729.00 842483   658.15 DA-C 32050 08/17/2023 08/17/2023 Book  
          MRSPTU Central Library MRSPTU Central Library       1 658.15 DA-C 38137 01/30/2025 08/17/2023 Book 08/22/2024
          MRSPTU Central Library MRSPTU Central Library       1 658.15 DA-C 38138 02/08/2025 08/17/2023 Book 01/31/2025
          MRSPTU Central Library MRSPTU Central Library       2 658.15 DA-C 38139 12/24/2025 08/17/2023 Book 11/21/2025
          MRSPTU Central Library MRSPTU Central Library         658.15 DA-C 38140 08/17/2023 08/17/2023 Book  
          MRSPTU Central Library MRSPTU Central Library       1 658.15 DA-C 38141 12/30/2025 08/17/2023 Book 11/21/2025

Website Designed and Developed by MRSPTU Central Library Team

E-mail Id: librarian@mrsptu.ac.in